Najlepsi zawodnicy w NBA 2K26 - Statystyki

Ogólne statystyki
  • Ten quiz został rozwiązany 34 razy
  • Średni wynik to 5 z 24
Statystyki odpowiedzi
Ocena ogólna Zawodnik % Poprawnych
98 Jokic
100%
98 Gilgeous-Alexander/SGA
67%
95 Doncic
56%
97 Antetokounmpo
41%
95 Edwards
30%
94 James
30%
94 Curry
26%
94 Tatum
26%
93 Durant
22%
93 Davis
19%
93 Haliburton
15%
93 Mitchel
15%
90 Brown
11%
90 Irving
11%
94 Wembanyama/Wemby
11%
91 Booker
7%
93 Brunson
7%
92 Embiid
7%
92 Leonard
7%
90 Williams
7%
92 Cunningham
4%
91 Morant
4%
92 Towns/KAT
0%
90 Young
0%
Nie znaleziono quizów pasujących do podanych kryteriów
Rozkład punktacji
Procent ludzi z każdym wynikiem
Percentyl według liczby udzielonych odpowiedzi
Twoja historia wyników
Nie rozwiązałeś tego quizu